| 000 -LEADER |
| fixed length control field |
00847nam a2200229Ia 4500 |
| 001 - CONTROL NUMBER |
| control field |
15712 |
| 003 - CONTROL NUMBER IDENTIFIER |
| control field |
GE_BSU |
| 008 - FIXED-LENGTH DATA ELEMENTS--GENERAL INFORMATION |
| fixed length control field |
181216s||||||||xx |||||||||||||| ||und|| |
| 040 ## - CATALOGING SOURCE |
| Transcribing agency |
GE_BSU |
| 080 ## - UNIVERSAL DECIMAL CLASSIFICATION NUMBER |
| Universal Decimal Classification number |
821.353.1-32 |
| 100 ## - MAIN ENTRY--PERSONAL NAME |
| Personal name |
წერეთელი, გიორგი |
| 245 ## - TITLE STATEMENT |
| Title |
კიკოლიკი, ჩიკოლიკი და კუდაბზიკა. ნაწ. 1 და 2 |
| 245 ## - TITLE STATEMENT |
| Remainder of title |
მგზავრის წერილებიდან |
| 245 ## - TITLE STATEMENT |
| Statement of responsibility, etc. |
რედ. ლ. ასათიან |
| 260 ## - PUBLICATION, DISTRIBUTION, ETC. |
| Place of publication, distribution, etc. |
ტფილისი |
| 260 ## - PUBLICATION, DISTRIBUTION, ETC. |
| Name of publisher, distributor, etc. |
ფედერაცია |
| 260 ## - PUBLICATION, DISTRIBUTION, ETC. |
| Date of publication, distribution, etc. |
1935 |
| 300 ## - PHYSICAL DESCRIPTION |
| Extent |
148 გვ.22სმ |
| 653 ## - INDEX TERM--UNCONTROLLED |
| Uncontrolled term |
კიკოლიკი, ჩიკოლიკი და კუდაბზიკა |
| 653 ## - INDEX TERM--UNCONTROLLED |
| Uncontrolled term |
მგზავრის წერილებიდან |
| 942 ## - ADDED ENTRY ELEMENTS (KOHA) |
| Koha item type |
წიგნი |